Small scale fishery by gillnet mesh sine 25 m.m and 30m.m in chong kiineas commune (ការនេសាទជាលក្ខណះគ្រួសារដោយឧបករណ៏មងពាក់ក្រឡា២៥ម.មនិង៣០ម.មនៅឃំុចុងឃ្មាស) (Record no. 3710)
[ view plain ]
| 000 -LEADER | |
|---|---|
| fixed length control field | 00646nam a22001577a 4500 |
| 003 - CONTROL NUMBER IDENTIFIER | |
| control field | OSt |
| 005 - DATE AND TIME OF LATEST TRANSACTION | |
| control field | 20151130090359.0 |
| 008 - FIXED-LENGTH DATA ELEMENTS--GENERAL INFORMATION | |
| fixed length control field | 151130b xxu||||| |||| 00| 0 eng d |
| 040 ## - CATALOGING SOURCE | |
| Transcribing agency | RUA |
| 082 ## - DEWEY DECIMAL CLASSIFICATION NUMBER | |
| Classification number | FIS IN 1996 B162 Or.1 |
| 100 ## - MAIN ENTRY--PERSONAL NAME | |
| 9 (RLIN) | 3990 |
| Personal name | IN, PEOV. |
| 245 ## - TITLE STATEMENT | |
| Title | Small scale fishery by gillnet mesh sine 25 m.m and 30m.m in chong kiineas commune (ការនេសាទជាលក្ខណះគ្រួសារដោយឧបករណ៏មងពាក់ក្រឡា២៥ម.មនិង៣០ម.មនៅឃំុចុងឃ្មាស) |
| 260 ## - PUBLICATION, DISTRIBUTION, ETC. (IMPRINT) | |
| Place of publication, distribution, etc. | Phnom Penh |
| Name of publisher, distributor, etc. | RUA |
| Date of publication, distribution, etc. | 1996 |
| 300 ## - PHYSICAL DESCRIPTION | |
| Extent | 59p. |
| Other physical details | ill. |
| Dimensions | 29cm. |
| 942 ## - ADDED ENTRY ELEMENTS (KOHA) | |
| Source of classification or shelving scheme | |
| Koha item type | FIS |
| Price effective from | Date last seen | Permanent Location | Not for loan | Date acquired | Source of classification or shelving scheme | Koha item type | Barcode | Lost status | Damaged status | Shelving location | Withdrawn status | Current Location | Full call number |
|---|---|---|---|---|---|---|---|---|---|---|---|---|---|
| 2015-11-30 | 2015-11-30 | Library Block B | 2015-11-30 | FIS | RUA012487 | B162 | Library Block B | FIS IN 1996 B162 Or.1 | |||||
| 2015-11-30 | 2015-11-30 | Library Block B | 2015-11-30 | FIS | RUA012415 | B162 | Library Block B | FIS IN 1996 B162 Or.2 | |||||
| 2015-11-30 | 2015-11-30 | Library Block B | 2015-11-30 | FIS | RUA012343 | B162 | Library Block B | FIS IN 1996 B162 Or.3 | |||||
| 2015-11-30 | 2015-11-30 | Library Block B | 2015-11-30 | FIS | RUA012646 | B162 | Library Block B | FIS IN 1996 B162 Or.4 | |||||
| 2015-11-30 | 2015-11-30 | Library Block B | 2015-11-30 | FIS | RUA012504 | B162 | Library Block B | FIS IN 1996 B162 Or.5 | |||||
| 2015-11-30 | 2015-11-30 | Library Block B | 2015-11-30 | FIS | RUA012432 | B162 | Library Block B | FIS IN 1996 B162 Or.6 | |||||
| 2015-11-30 | 2015-11-30 | Library Block B | 2015-11-30 | FIS | RUA012719 | B162 | Library Block B | FIS IN 1996 B162 Or.7 | |||||
| 2015-11-30 | 2015-11-30 | Library Block B | 2015-11-30 | FIS | RUA012647 | B162 | Library Block B | FIS IN 1996 B162 Or.8 | |||||
| 2015-11-30 | 2015-11-30 | Library Block B | 2015-11-30 | FIS | RUA012360 | B162 | Library Block B | FIS IN 1996 B162 Or.9 |